| 000 | 00568nam a2200169Ia 4500 | ||
|---|---|---|---|
| 008 | 190805s9999||||xx |||||||||||||| ||und|| | ||
| 020 |
_a9780852889459 _c£ 24.00 |
||
| 082 | 0 | 4 |
_a623.890212 _bN774 |
| 100 | 1 | _aNorie, J. W. | |
| 245 | 1 | 0 |
_aNories Nautical Tables : with an explanation of their use. / _cJ. W. Norie; edited by George Blance |
| 260 |
_aCambridgeshire : _bImray,Laurie,Norie & Wilson Ltd, _c2007, reprinted 2016 |
||
| 300 |
_a568 p. _b : _c; 30 cm. |
||
| 650 | 0 |
_aNavigation _vTables |
|
| 700 | 1 | _aBlance, A. G. | |
| 942 | _cBK | ||
| 999 |
_c102 _d102 |
||